| 000 | 00632nam a22002177a 4500 | ||
|---|---|---|---|
| 003 | PILC | ||
| 005 | 20150108153514.0 | ||
| 008 | 140624b xxu||||| |||| 00| 0 eng d | ||
| 020 | _a9715740359 | ||
| 050 |
_aQE 28 _b.L693 2001 |
||
| 100 | _aLeanko, Aurora | ||
| 245 |
_aIntroduction to earth science / _cAurora Alarcon Lianko. |
||
| 260 |
_aQuezon City : _bKatha Publishing Co., Inc., _c2001. |
||
| 300 |
_avi, 323 pages : _billustration ; _c25 cm. |
||
| 504 | _aIncludes Bibliographical Reference and Index. | ||
| 650 | _aScience. | ||
| 650 | _aEarth. | ||
| 650 | _aSolar System. | ||
| 650 | _aGalaxies. | ||
| 942 |
_2lcc _cBK |
||
| 999 |
_c120271 _d120271 |
||